| 000 | 00608nam a2200181 i 4500 | ||
|---|---|---|---|
| 001 | 36561 | ||
| 003 | ES-MaACL | ||
| 005 | 20251109143052.0 | ||
| 007 | t| | ||
| 008 | 030218s1912 fr ||||1| fre d | ||
| 100 | 1 |
_aBratli, Charles. _931395 |
|
| 245 | 1 | 0 |
_aPhilippe II, roi d'Espagne _b: étude sur sa vie et son caractère / _cCharles Bratli ; avec une preface du Conte Baguenault de Puchesse. |
| 260 |
_a[S.l. : _bs.n., _c1912] ( _eSaint Amand : _fBussière) |
||
| 300 |
_a300 p. ; _c25 cm. |
||
| 700 | 0 |
_aBaguenault de Puchesse, _cConte _924651 |
|
| 852 |
_aES-MaACL _jF-7507 |
||
| 999 |
_c36561 _d36561 |
||